01366nam a2200241 a 450000100100000000500170001000800410002702000180006804000250008608200160011124500540012726000400018130000310022150001370025250400710038959000260046095201290048695201290061595201290074495201140087395201200098799900170110700004833120201002061057.0190206s2016 dr d r 000 0 spa d a9789945167764 aDO-SdBNPbspacBNPHU axxxxbS623a00aSituación del aborto en República Dominicana. aSanto Domingo :bProfamilia,c2016. a196 p. :bdiagr. ;c28 cm. aProyecto avanzando en la garantía y defensa de los derechos de las mujeres, de los derechos sexuales y los derechos reproductivos. aIncluye referencias bibliográficas y notas al pie de las paginas aInventariado, 2019/BT 001054708DSaGRbGRcHDd2019-02-06iLF1l0oxxxx S623ap48331-30r2020-06-25te. 3w2020-06-25yLFDSZPréstamo en sala 001054708DSaGRbGRcHDd2019-02-06iLF1l0oxxxx S623ap48331-40r2020-06-25te. 4w2020-06-25yLFDSZPréstamo en sala 001054708DSaGRbGRcHDd2019-02-06iLF1l0oxxxx S623ap48331-50r2020-06-25te. 5w2020-06-25yLFDSZPréstamo en sala 0010718PDaPDbPDcHDd2019-02-06iLF1l0oxxxx S623ap48331-10r2020-06-25w2020-06-25yLFPDZNo se presta 0010718PDaPDbPDcHDd2019-02-06iLF1l0oxxxx S623ap48331-20r2020-06-25te. 2w2020-06-25yLFPDZNo se presta c47819d47819